000
00377nam a2200145Ia 4500
008
230718s9999 xx 000 0 und d
041
_a
Eng.
082
_a
891.439
_b
بخش-س
100
_a
بخش، میاں محمد
245
0
_a
سیف الملوک
260
_a
Pakistan
_b
الفیل کا سرور دوبار اگر
_c
2000
300
_a
552
650
_a
Law
999
_c
28878
_d
28878